[Event "ICA PM (Reserve)"]
[Site "Boise, ID"]
[Date "2013.09.22"]
[Round "4.2"]
[White "Porth, Adam"]
[Black "Roberts, Zane A"]
[Result "0-1"]
[WhiteElo "1345"]
[BlackElo "1237"]
[EventRounds "5"]
[EventCountry "USA"]

1. e4 c5 2. Nf3 g6 3. Bc4 Bg7 4. Ng5 e6 5. d3 Ne7 6. Nc3 d5 7. Bb5+ Bd7 8.
Bxd7+ Qxd7 9. Qf3 f6 10. Nh3 d4 11. Ne2 e5 12. Bd2 Qb5 13. O-O Qxb2 14. Rfb1
Qxc2 15. Be1 Qa4 16. Rxb7 Qc6 17. Rab1 Nd7 18. R7b3 O-O 19. Rc1 Rab8 20. Rc2
Rxb3 21. axb3 Rb8 22. Nc1 Qb5 23. Ra2 Bh6 24. Bd2 Bxd2 25. Rxd2 Kg7 26. Ra2
Nc6 27. Qd1 a5 28. f3 Nb4 29. Ra3 Nb6 30. Nf2 Ra8 31. g3 Ra6 32. f4 a4 33.
fxe5 fxe5 34. Ng4 axb3 35. Rxb3 c4 36. dxc4 Nxc4 37. Qd3 Nxd3 38. Rxb5 Nxc1
39. Rb7+ Kf8 40. Rc7 Nd6 41. Rxc1 Nxe4 42. Nxe5 Rd6 43. Rf1+ Ke7 44. Nd3 Ra6
45. Rf4 Nc3 46. Kg2 Rd6 47. g4 Rd5 48. h4 h6 49. Kf3 g5 50. hxg5 hxg5 51. Rf5
Rxf5+ 52. gxf5 Kf6 53. Kg4 Nd5 54. Nc5 Ne3+ 55. Kf3 Nxf5 56. Ke4 g4 57. Nd3 g3
58. Nf4 Kg5 59. Kf3 Kh4 60. Ke4 Kg4 61. Ne2 g2 62. Kd3 Kf3 63. Ng1+ Kf2 64.
Nh3+ Kf1 65. Kd2 g1=Q {#R} 0-1

[Event "ICA PM (Reserve)"]
[Site "Boise, ID"]
[Date "2013.09.22"]
[Round "5.3"]
[White "Blake, Isaac RR"]
[Black "Porth, Adam"]
[Result "1-0"]
[WhiteElo "871"]
[BlackElo "1345"]
[EventRounds "5"]
[EventCountry "USA"]

1. Nf3 e6 2. d3 d5 3. Nbd2 c5 4. g3 Nc6 5. Bg2 Nh6 6. O-O Nf5 7. e4 dxe4 8.
dxe4 Nfd4 9. b3 e5 10. c3 Nb5 11. Bb2 Bg4 12. a4 Nd6 13. Re1 Be7 14. h3 Be6
15. c4 Bf6 16. Nf1 O-O 17. Ne3 Nd4 18. Bxd4 cxd4 19. Nd5 Re8 20. c5 Bxd5 21.
exd5 Nc8 22. d6 Rb8 23. Nd2 b6 24. c6 Nxd6 25. Rc1 Qc7 26. Qg4 Re7 27. Ne4
Nxe4 28. Bxe4 Rd8 29. Qf5 g6 30. Qxf6 Re6 31. Qxd8+ Qxd8 32. c7 Qc8 33. Bb7
Qxb7 34. c8=Q+ Qxc8 35. Rxc8+ Kg7 36. Rd8 Kf6 37. f4 Ke7 38. Rd5 f6 39. fxe5
h5 40. exf6+ Kxf6 41. Rxe6+ Kxe6 42. Rxd4 g5 43. h4 Kf5 44. Rd5+ Kg6 45. Rxg5+
Kh6 46. Kf2 a5 47. Kf3 Kh7 48. Kf4 Kh8 49. Kf5 Kh7 50. Kf6 b5 51. axb5 a4 52.
bxa4 Kh8 53. Kf7 Kh7 54. Rxh5# 1-0

[Event "SIO (Reserve)"]
[Site "Twin Falls, ID"]
[Date "2013.11.02"]
[Round "1.2"]
[White "Porth, Adam"]
[Black "Porth, Dylan"]
[Result "1-0"]
[WhiteElo "1305"]
[BlackElo "707"]
[EventRounds "4"]
[EventCountry "USA"]

1. e4 e5 2. Nf3 Nc6 3. d4 d6 4. Bc4 Be6 5. Bxe6 fxe6 6. Ng5 Qd7 7. Qh5+ g6 8.
Qf3 O-O-O 9. Nf7 Nxd4 10. Qa3 Qxf7 11. Qxa7 Nxc2+ 12. Kf1 Nxa1 13. Na3 c6 14.
Qa8+ Kc7 15. Qa5+ Kd7 16. Qa7 Ke8 17. g3 d5 18. exd5 exd5 19. Kg2 Bxa3 20.
Qxa3 e4 21. Bf4 Nc2 22. Qc3 Ra8 23. Qxh8 Rxa2 24. Qe5+ Ne7 25. Qb8+ Kd7 26.
Qc7+ Ke6 27. Qd6+ Kf5 28. Qe5+ Kg4 29. Qg5# 1-0

[Event "SIO (Reserve)"]
[Site "Twin Falls, ID"]
[Date "2013.11.02"]
[Round "3.2"]
[White "Porth, Adam"]
[Black "Brimstein, Wesley"]
[Result "1-0"]
[WhiteElo "1305"]
[BlackElo "646"]
[EventRounds "4"]
[EventCountry "USA"]

1. e4 e6 2. Nf3 d5 3. exd5 exd5 4. d4 Nf6 5. c4 Be6 6. Nc3 Bb4 7. Bd2 dxc4 8.
Qa4+ Nc6 9. d5 Nxd5 10. Bxc4 O-O 11. O-O a6 12. Qb3 Bxc3 13. bxc3 Na5 14. Qa4
Nxc4 15. Qxc4 Nb6 16. Qe4 Nc4 17. Bg5 Qd7 18. Nd4 h6 19. Bf4 c6 20. Rfd1 Rae8
21. Qc2 Bg4 22. Nf3 Qe6 23. Re1 Qd5 24. Rad1 Qc5 25. Rb1 Bxf3 26. Rxe8 Rxe8
27. gxf3 b5 28. Qd3 Qd5 29. Qxd5 cxd5 30. Rd1 Ne5 31. Kg2 Ng6 32. Bg3 Rc8 33.
Rd3 a5 34. Rxd5 Rxc3 35. Rxb5 Ra3 36. Rb2 Ne7 37. Bd6 Ra4 38. Bxe7 g5 39. Bd8
Kg7 40. Be7 Kg6 41. a3 f5 42. Rb6+ Kh5 43. Bf8 g4 44. Rxh6+ Kg5 45. h4+ Kf4
46. Bd6# 1-0

[Event "SIO (Reserve)"]
[Site "Twin Falls, ID"]
[Date "2013.11.02"]
[Round "4.2"]
[White "Porth, Desmond"]
[Black "Porth, Adam"]
[Result "0-1"]
[WhiteElo "1308"]
[BlackElo "1305"]
[EventRounds "4"]
[EventCountry "USA"]

1. e4 e6 2. Nc3 d6 3. Bc4 c5 4. d4 Qb6 5. b3 cxd4 6. Nb5 Nf6 7. Nxd4 Nxe4 8.
Ngf3 e5 9. Ng5 Be6 10. Be3 Qb4+ 11. Bd2 Nxd2 12. Qxd2 Qxd2+ 13. Kxd2 Bxc4 14.
bxc4 exd4 15. Rhe1+ Be7 16. Ne4 O-O 17. Re2 Nc6 18. Rb1 b6 19. Rbe1 f5 20. Ng3
Bg5+ 21. Kd3 Nb4+ 22. Kxd4 Bf6+ 23. Ke3 Rae8+ 24. Kf4 g5+ 25. Kxf5 Bc3+ 26.
Kxg5 Bxe1 27. Rxe8 Rxe8 28. Kh6 Bxf2 29. Nf5 Re6+ 30. Kg5 Re5 31. g4 Nc6 32.
Kf6 Nd8 33. Ng3 Bd4 34. c3 Re6+ 35. Kg5 Nf7+ 36. Kh5 Rh6# 0-1

[Event "WIO (Reserve)"]
[Site "Boise, ID"]
[Date "2013.12.14"]
[Round "1.1"]
[White "Simonson, Jay L"]
[Black "Porth, Adam"]
[Result "0-1"]
[WhiteElo "727"]
[BlackElo "1306"]
[EventRounds "5"]
[EventCountry "USA"]

1. e4 e6 2. Nf3 d5 3. d4 dxe4 4. Ne5 Bd6 5. Bf4 Bd7 6. Qh5 Bxe5 7. Qxe5 Nf6 8.
Qxc7 Qxc7 9. Bxc7 Nc6 10. c3 O-O 11. Bc4 Nd5 12. Bd6 Rfc8 13. Nd2 Na5 14. b3
Nxc4 15. Nxc4 Nxc3 16. Rc1 Nxa2 17. Rc2 b5 18. Ne3 Rxc2 19. Nxc2 Nc3 20. Bb4
Rc8 21. Bxc3 Rxc3 22. Na1 Rc1+ 23. Ke2 Rxh1 24. Nc2 Rxh2 25. g3 a5 26. Ne3 b4
27. Nc4 Bb5 28. Ke3 Bxc4 29. bxc4 b3 30. Kd2 Rxf2+ 31. Kc1 Rc2+ 32. Kb1 e3
{#R} 0-1

[Event "WIO (Reserve)"]
[Site "Boise, ID"]
[Date "2013.12.14"]
[Round "2.1"]
[White "Porth, Adam"]
[Black "Knoll, Lucas"]
[Result "1/2-1/2"]
[WhiteElo "1306"]
[BlackElo "1180"]
[EventRounds "5"]
[EventCountry "USA"]

1. c4 e5 2. Nc3 Nf6 3. g3 d5 4. Bg2 d4 5. Nd5 Nxd5 6. cxd5 Bd7 7. Nf3 f6 8.
Qb3 b6 9. d6 Na6 10. dxc7 Nxc7 11. d3 Be6 12. Qc2 Rc8 13. O-O Nd5 14. Qa4+ Qd7
15. Qxd7+ Kxd7 16. e3 Bc5 17. exd4 Bxd4 18. Nxd4 exd4 19. a3 Rhe8 20. b4 Nc3
21. Bb2 Ne2+ 22. Kh1 Rc2 23. b5 Rec8 24. Bc6+ Kd6 25. Bc1 Bd5+ 26. Bxd5 Kxd5
27. Bf4 g5 28. Be3 dxe3 29. fxe3 Rc1 30. Kg2 Rxa1 31. Rxa1 Rc3 32. Rf1 Ke6 33.
Rd1 Rxa3 34. d4 Rb3 35. Ra1 Nc3 36. Rxa7 Rxb5 37. Rxh7 Nd1 38. Kf3 Rb3 39. d5+
Kxd5 40. Rd7+ Kc4 41. Rxd1 Rd3 42. Rb1 b5 43. h4 b4 44. h5 Kc3 45. h6 f5 46.
h7 Rd8 47. Rh1 Rh8 {#d} 1/2-1/2

[Event "WIO (Reserve)"]
[Site "Boise, ID"]
[Date "2013.12.14"]
[Round "3.1"]
[White "Porth, Adam"]
[Black "Roberts, Zane A"]
[Result "0-1"]
[WhiteElo "1306"]
[BlackElo "1210"]
[EventRounds "5"]
[EventCountry "USA"]

1. e4 c5 2. Nf3 g6 3. d4 cxd4 4. Nxd4 Nc6 5. Nxc6 bxc6 6. Bd3 Bg7 7. Nd2 d5 8.
c4 d4 9. b3 e5 10. Ba3 Ne7 11. O-O O-O 12. h3 Qc7 13. Qf3 Rb8 14. Rac1 c5 15.
Rb1 Qa5 16. Bc1 Qxa2 17. Bb2 Qa5 18. Qd1 Qb6 19. Ra1 Nc6 20. f4 f6 21. f5 Bh6
22. fxg6 hxg6 23. Ra3 Be3+ 24. Kh2 Bxd2 25. Qxd2 Qc7 26. Qh6 Qh7 27. Bc1 Qxh6
28. Bxh6 Rf7 29. Bd2 Kg7 30. g4 Rfb7 31. Rb1 g5 32. Kg3 Bd7 33. Kf2 Rh8 34.
Kg3 Be8 35. Ra6 Nb4 36. Bxb4 cxb4 37. Rba1 Kf7 38. Rxa7 Rxa7 39. Rxa7+ Ke6 40.
Rb7 Bc6 41. Rxb4 Ra8 42. c5 Ra1 43. Bc4+ Kd7 44. Bb5 Bxb5 45. Rxb5 Kc6 46.
Rb6+ Kxc5 47. Rxf6 d3 48. Rf2 Rb1 49. h4 Rxb3 50. hxg5 d2+ 51. Kh4 d1=Q 52. g6
Qh1+ 53. Kg5 Qxe4 54. g7 Rg3 55. Rc2+ Kd4 56. Rc4+ Kxc4 57. g8=Q+ Qd5 58. Qc8+
Qc5 {#R} 0-1

[Event "WIO (Reserve)"]
[Site "Boise, ID"]
[Date "2013.12.15"]
[Round "4.3"]
[White "Porth, Desmond"]
[Black "Porth, Adam"]
[Result "0-1"]
[WhiteElo "1280"]
[BlackElo "1306"]
[EventRounds "5"]
[EventCountry "USA"]

1. e4 e6 2. d4 d5 3. exd5 exd5 4. Bf4 c5 5. Nc3 Nc6 6. Nb5 Qa5+ 7. Qd2 Qxd2+
8. Kxd2 Kd7 9. g4 Nxd4 10. Nxd4 cxd4 11. Kd3 Bc5 12. c3 Nf6 13. h3 dxc3 14.
bxc3 Ne4 15. c4 Nxf2+ 16. Ke2 Nxh1 17. cxd5 Re8+ 18. Kd2 Nf2 19. Rc1 Ne4+ 20.
Kd3 b6 21. Ne2 Ba6+ 22. Kc2 Bxe2 23. Bxe2 g5 24. Bd2 Kd6 25. Bd3 Rac8 26. Bxe4
Rxe4 27. Rf1 Bb4+ 28. Kd1 Bxd2 29. Kxd2 Rd4+ 30. Ke2 Rc2+ 31. Ke1 Rc1+ 32. Ke2
Rxf1 33. Kxf1 Kxd5 34. a4 Ke4 35. Ke1 Ke3 36. Kf1 Kf3 37. Kg1 Rd2 38. Kh1 Kg3
39. a5 Rd1# 0-1

[Event "WIO (Reserve)"]
[Site "Boise, ID"]
[Date "2013.12.15"]
[Round "5.2"]
[White "Porth, Adam"]
[Black "Blake, Isaac"]
[Result "1-0"]
[WhiteElo "1306"]
[BlackElo "1067"]
[EventRounds "5"]
[EventCountry "USA"]

1. c4 e5 2. g3 Nc6 3. Bg2 f5 4. Nc3 Nf6 5. e3 g6 6. Nge2 Bg7 7. a3 Ne7 8. d4
e4 9. Bd2 c6 10. Rc1 d5 11. cxd5 cxd5 12. Nb5 Nc6 13. Qb3 Qb6 14. Nd6+ Kf8 15.
Qxb6 axb6 16. Nxc8 Rxc8 17. Nf4 Kf7 18. O-O g5 19. Ne2 Ne7 20. Nc3 Ng6 21. Nb5
Ke7 22. Bb4+ Kd7 23. Nd6 Rcd8 24. Nf7 Rhe8 25. Nxd8 Rxd8 26. Rc2 f4 27. Rfc1
Ne8 28. Bf1 fxe3 29. fxe3 Bh6 30. Bb5+ Ke6 31. Bxe8 Rxe8 32. Rc7 g4 33. Kf2
Bg5 34. Rxh7 Be7 35. Bxe7 Rxe7 36. Rxe7+ Nxe7 37. Rc7 Kd6 38. Rxb7 Kc6 39.
Rxe7 Kb5 40. Rg7 {#r} 1-0

[Event "Mountain Home Open"]
[Site "Mountain Home, ID"]
[Date "2014.01.11"]
[Round "1.7"]
[White "Porth, Adam"]
[Black "Blanco, Jose"]
[Result "1-0"]
[WhiteElo "1262"]
[BlackElo "1000"]
[EventRounds "4"]
[EventCountry "USA"]

1. e4 c6 2. Nf3 d5 3. e5 e6 4. d4 Bb4+ 5. Bd2 a5 6. c3 Be7 7. Bd3 Nh6 8. Bxh6
gxh6 9. Nbd2 Rg8 10. g3 b6 11. O-O c5 12. Bxh7 Rg7 13. Bd3 Bg5 14. Nxg5 hxg5
15. Qh5 Kf8 16. Qh8+ Rg8 17. Qh5 Qe8 18. Bh7 f5 19. Qh6+ Rg7 20. Nf3 Qe7 21.
Kg2 Nc6 22. Ng1 cxd4 23. Rac1 Nxe5 24. cxd4 Ng4 25. Qh5 Qf7 26. Qxf7+ Rxf7 27.
Bg6 Rg7 28. Bh5 Bd7 29. Bxg4 fxg4 30. Rc7 Re7 31. Rb7 Bb5 32. Rxe7 Kxe7 33.
Re1 Kd6 34. b3 a4 35. b4 Rc8 36. a3 Rc2 37. h4 gxh4 38. gxh4 Be8 39. Ne2 Rc7
40. Nf4 Rh7 41. Kg3 e5 42. Rxe5 Rh8 43. Rxd5+ Kc7 44. Kxg4 Bc6 45. Ne6+ Kb7
46. Nd8+ Kc7 47. Nxc6 Kxc6 48. Rh5 Re8 49. Kf5 Kd5 50. Rh6 b5 51. h5 Re2 52.
f4 Rd2 53. Rb6 Rxd4 54. Rxb5+ Kc4 55. Re5 Kb3 56. h6 Kxa3 57. h7 Rd8 58. Kg6
Kxb4 59. Kg7 Rd7+ 60. Kh6 Kc4 61. h8=Q Kd4 62. Re7+ Kd5 63. Rxd7+ Kc5 64. Qe5+
Kb4 65. Rd4+ Ka3 66. Qe3+ Kb2 67. Rd2+ Kc1 68. Qe1# 1-0

[Event "Mountain Home Open"]
[Site "Mountain Home, ID"]
[Date "2014.01.11"]
[Round "2.2"]
[White "Porth, Adam"]
[Black "Roland, Jeffrey T"]
[Result "1/2-1/2"]
[WhiteElo "1262"]
[BlackElo "1690"]
[EventRounds "4"]
[EventCountry "USA"]

1. d4 d5 2. Nf3 Nf6 3. e3 e6 4. Bd3 c5 5. b3 cxd4 6. exd4 Be7 7. Nbd2 Nc6 8.
a3 O-O 9. Bb2 Bd7 10. Rc1 Rc8 11. O-O Na5 12. Ne5 Qb6 13. Nxd7 Nxd7 14. Nf3
Nc6 15. Qe2 Bf6 16. Rfd1 g6 17. Bb5 Bg7 18. a4 a6 19. Bxc6 Rxc6 20. Ba3 Rfc8
21. Ne5 Nxe5 22. dxe5 Bh6 23. Rb1 Rxc2 24. Qf3 R8c3 25. Qf6 Rxf2 26. a5 Qc7
27. Kxf2 {#d} 1/2-1/2

[Event "Mountain Home Open"]
[Site "Mountain Home, ID"]
[Date "2014.01.11"]
[Round "3.3"]
[White "Bartell, Fred"]
[Black "Porth, Adam"]
[Result "1-0"]
[WhiteElo "1772"]
[BlackElo "1262"]
[EventRounds "4"]
[EventCountry "USA"]

1. b3 e6 2. Bb2 d5 3. Nf3 c5 4. e3 Nc6 5. Bb5 Bd7 6. O-O a6 7. Bxc6 Bxc6 8. d3
Nh6 9. Nbd2 Qc7 10. Be5 Qd8 11. Re1 Nf5 12. e4 dxe4 13. Nxe4 Bd6 14. Nxd6+
Nxd6 15. Bxg7 Rg8 16. Be5 Qe7 17. Bg3 Nf5 18. Ne5 Nxg3 19. Nxc6 Qd6 20. hxg3
Qxc6 21. Qh5 Rh8 22. Re5 Ke7 23. Rxc5 Qd6 24. Re1 Rac8 25. Rxc8 Rxc8 26. Qh4+
Ke8 27. Re2 Qa3 28. c4 Qc1+ 29. Kh2 h6 30. Qe4 Qd1 31. d4 Kf8 32. Qe5 Kg8 33.
Re4 Rd8 34. Rh4 Kf8 35. Qf6 Ke8 36. Rxh6 Qxd4 37. Rh8+ Kd7 38. Rxd8+ Kc6 39.
Rxd4 {#r} 1-0

[Event "Mountain Home Open"]
[Site "Mountain Home, ID"]
[Date "2014.01.11"]
[Round "4.5"]
[White "Crowson, Keegan"]
[Black "Porth, Adam"]
[Result "0-1"]
[WhiteElo "1000"]
[BlackElo "1262"]
[EventRounds "4"]
[EventCountry "USA"]

1. e4 e6 2. Nf3 d5 3. Nc3 Nf6 4. Bd3 dxe4 5. Nxe4 Nc6 6. b3 Nxe4 7. Bxe4 Nd4
8. Bb2 c5 9. O-O Bd6 10. c3 Nb5 11. Qe2 Nc7 12. Ng5 Qxg5 13. g3 Nd5 14. Bxd5
Qxd5 15. c4 Qc6 16. Bxg7 Rg8 17. Be5 b6 18. Qh5 Bb7 19. f3 O-O-O 20. Bxd6 Qxd6
21. Qxf7 Rdf8 22. Qxh7 Rxg3+ 23. hxg3 Qxg3+ 24. Kh1 Bxf3+ 25. Rxf3 Qxf3+ 26.
Kh2 Qf2+ 27. Kh3 Rf3+ 28. Kg4 Qg2+ 29. Kh4 Rh3# 0-1

[Event "Idaho Closed"]
[Site "Twin Falls, ID"]
[Date "2014.02.15"]
[Round "1.1"]
[White "Porth, Adam"]
[Black "Parsons, Larry R"]
[Result "0-1"]
[WhiteElo "1301"]
[BlackElo "2000"]
[EventRounds "6"]
[EventCountry "USA"]

1. d4 Nf6 2. Nf3 g6 3. e3 Bg7 4. Bd3 d6 5. b3 c5 6. Bb2 O-O 7. O-O Nc6 8. Nbd2
Nd7 9. c3 a6 10. a4 Rb8 11. Be4 Qc7 12. d5 Nce5 13. Qc2 b5 14. axb5 axb5 15.
h3 f5 16. Bd3 c4 17. Be2 Nb6 18. Nxe5 dxe5 19. e4 fxe4 20. Nxe4 Nxd5 21. b4
Nf4 22. Bf3 Nxh3+ 23. Kh1 Nf4 24. Ng5 Bf5 25. Qd1 Rbd8 26. Qe1 Qb6 27. Rd1 Nd3
28. Qe2 Qf6 29. Bc1 Nxc1 30. Rxc1 Qxg5 31. Bc6 Bd3 32. Qe3 Qxe3 {#R} 0-1

[Event "Idaho Closed"]
[Site "Twin Falls, ID"]
[Date "2014.02.15"]
[Round "2.8"]
[White "Porth, Desmond"]
[Black "Porth, Adam"]
[Result "0-1"]
[WhiteElo "1220"]
[BlackElo "1301"]
[EventRounds "6"]
[EventCountry "USA"]

1. e4 c5 2. Nf3 Nc6 3. d4 e6 4. d5 Na5 5. Bb5 Qb6 6. Nc3 a6 7. Ba4 Nf6 8. dxe6
Qxe6 9. Bf4 Nxe4 10. Nxe4 Qxe4+ 11. Be3 Qxa4 12. Qe2 Qe4 13. Bd2 Qxe2+ 14.
Kxe2 Be7 15. Bxa5 O-O 16. Rhe1 Bf6 17. Kf1 b5 18. c3 Bb7 19. Rad1 d5 20. b3
Rac8 21. Ne5 Rfe8 22. c4 Bxe5 23. cxd5 Bd4 24. Rxe8+ Rxe8 25. d6 Bc6 26. b4
Bd7 27. bxc5 Bxc5 28. Re1 Rxe1+ 29. Kxe1 Bxd6 30. g3 b4 31. a4 bxa3 32. Bc3 a2
33. f4 Bb4 34. Bxb4 a1=Q+ 35. Ke2 Qb2+ 36. Kf1 Qxb4 37. Kg2 Qe4+ 38. Kf2 Bc6
39. Kg1 Qg2# 0-1

[Event "Idaho Closed"]
[Site "Twin Falls, ID"]
[Date "2014.02.16"]
[Round "3.5"]
[White "Pemsler, Carmen"]
[Black "Porth, Adam"]
[Result "1-0"]
[WhiteElo "1561"]
[BlackElo "1301"]
[EventRounds "6"]
[EventCountry "USA"]

1. c4 Nf6 2. Nc3 g6 3. e4 d6 4. Nge2 Bg7 5. g3 c5 6. Bg2 Nc6 7. O-O O-O 8. d3
b6 9. e5 Bd7 10. exf6 Bxf6 11. Bh6 Re8 12. Be3 Qc8 13. Re1 Bh3 14. Bh1 Ne5 15.
Nf4 Bg4 16. f3 Bf5 17. Ne4 Bg7 18. Qc2 Nc6 19. Nd5 Bh3 20. Qd2 Be6 21. Nec3 f5
22. Bf2 Rf8 23. f4 Bd7 24. Nxe7+ Nxe7 25. Bxa8 Qxa8 26. Rxe7 Bc6 27. Nd5 Bxd5
28. cxd5 Qxd5 29. Rxa7 c4 30. Rd1 Bd4 31. Bxd4 Qxd4+ 32. Qf2 Qd5 33. Rd2 cxd3
34. Qe3 Rc8 35. Rxd3 {#r} 1-0

[Event "Idaho Closed"]
[Site "Twin Falls, ID"]
[Date "2014.02.16"]
[Round "4.7"]
[White "Porth, Adam"]
[Black "Murphy, Andre R"]
[Result "1-0"]
[WhiteElo "1301"]
[BlackElo "837"]
[EventRounds "6"]
[EventCountry "USA"]

1. e4 e6 2. e5 d5 3. d4 c5 4. Nf3 Nc6 5. c3 c4 6. Ng5 Qc7 7. Qg4 Bd7 8. Qh3
O-O-O 9. Nxf7 Nge7 10. Nxh8 h6 11. Nf7 Nf5 12. Nxd8 Qxd8 13. Na3 Bxa3 14. bxa3
Qa5 15. Be2 Qxc3+ 16. Qxc3 Nfxd4 17. Be3 Nb5 18. Qb2 a6 19. a4 Nc7 20. Rb1
{#r} 1-0

[Event "Idaho Closed"]
[Site "Twin Falls, ID"]
[Date "2014.02.17"]
[Round "5.7"]
[White "Knoll, Lucas"]
[Black "Porth, Adam"]
[Result "1-0"]
[WhiteElo "1203"]
[BlackElo "1301"]
[EventRounds "6"]
[EventCountry "USA"]

1. e4 d5 2. exd5 Qxd5 3. Nc3 Qd8 4. Nf3 Nc6 5. Bb5 Bd7 6. O-O Nf6 7. d3 a6 8.
Bxc6 Bxc6 9. Ne5 Bd7 10. Re1 e6 11. Ne4 Bd6 12. Nc4 Nxe4 13. dxe4 Qe7 14. Bd2
Bc5 15. Bc3 f6 16. e5 O-O-O 17. Qf3 Bc6 18. exf6 gxf6 19. Qxf6 Rhg8 20. g3 Bd5
21. Qxe7 Bxe7 22. Ne3 Bc6 23. Ng2 Bd5 24. Nf4 Bc6 25. Rxe6 Bd6 26. Nd3 Bd7 27.
Re3 Rdf8 28. Bb4 Rf6 29. Bxd6 cxd6 30. Nb4 Rgf8 31. f4 Rf5 32. Rd1 Rb5 33. a3
a5 34. Nd3 Bg4 35. Rd2 Kd8 36. b4 Rf6 37. c4 Rh5 38. c5 a4 39. Nf2 Bd7 40.
Rxd6 Rf7 41. Nd3 Kc8 42. Ne5 Rg7 43. Rxd7 Rxd7 44. Nxd7 Kxd7 45. Re5 Rh6 46.
h4 b6 47. Rd5+ Kc7 48. Rd6 Rh5 49. Rxb6 Rf5 50. Kf2 h5 51. Kf3 Rf8 52. Rd6 Re8
53. f5 Re1 54. Rd3 Kc6 55. Re3 Rd1 56. Kf4 Rd4+ 57. Kg5 Rd5 58. Kg6 Kb5 59.
Rc3 Kc6 60. f6 Rd4 61. Kxh5 Kd7 62. Re3 Rd5+ 63. Kg6 Rd4 64. f7 Rg4+ 65. Kf5
Rc4 66. f8=Q Kc6 67. Qd6+ {#r} 1-0

[Event "Idaho Closed"]
[Site "Twin Falls, ID"]
[Date "2014.02.17"]
[Round "6.8"]
[White "Porth, Adam"]
[Black "Patterson, Kevin R"]
[Result "1-0"]
[WhiteElo "1301"]
[BlackElo "1222"]
[EventRounds "6"]
[EventCountry "USA"]

1. e4 c6 2. Nf3 d5 3. exd5 cxd5 4. d4 h6 5. c4 Bf5 6. Nc3 e6 7. cxd5 exd5 8.
Qe2+ Be6 9. Ne5 Nf6 10. Qb5+ Nc6 11. Nxc6 bxc6 12. Qxc6+ Bd7 13. Qa6 Qb6 14.
Qxb6 axb6 15. Bb5 Ra7 16. O-O Be7 17. Re1 Bxb5 18. Nxb5 Rd7 19. Bf4 O-O 20. a3
Rc8 21. Rac1 Rxc1 22. Rxc1 Rd8 23. Bc7 Rc8 24. Na7 Re8 25. b4 Bd8 26. Be5 Ng4
27. Bg3 h5 28. h3 Nh6 29. Nc6 Bf6 30. a4 Nf5 31. a5 bxa5 32. bxa5 Bxd4 33.
Nxd4 Nxd4 34. Rd1 Ne2+ 35. Kf1 Nxg3+ 36. fxg3 Rd8 37. Ke2 d4 38. Kd3 Ra8 39.
Ra1 g5 40. Kxd4 f6 41. Kc5 Kf7 42. a6 {#r} 1-0

[Event "MVCC (Championship)"]
[Site "Twin Falls, ID"]
[Date "2014.03.22"]
[Round "1.3"]
[White "Roland, Jeffrey T"]
[Black "Porth, Adam"]
[Result "1-0"]
[WhiteElo "1672"]
[BlackElo "1274"]
[EventRounds "4"]
[EventCountry "USA"]

1. e4 c6 2. d4 d5 3. exd5 cxd5 4. c4 e6 5. Nc3 Nf6 6. Bg5 Be7 7. Nf3 Nc6 8.
Be2 Qb6 9. Qb3 Qc7 10. cxd5 exd5 11. O-O Be6 12. Rac1 O-O 13. Rfd1 h6 14. Bh4
Qd8 15. Qxb7 Qb6 16. Qxb6 axb6 17. Nb5 Rxa2 18. Rxc6 Rxb2 19. Bf1 Bd8 20. Ne5
g5 21. Bg3 h5 22. h3 Ne4 23. Bd3 h4 24. Bxh4 gxh4 25. Bxe4 dxe4 26. Ng6 fxg6
27. Rxe6 Rxb5 28. Rxg6+ Kh7 29. Rg4 Re8 30. Rc1 Rd5 31. Rc6 Rg8 32. Rxe4 b5
33. Ree6 Rg6 34. Rxg6 Bg5 35. Rgd6 Rxd6 36. Rxd6 b4 37. Rb6 Bd2 38. d5 Kg7 39.
Kf1 Kf7 40. Ke2 Bc3 41. Kd3 Ke7 42. Kc4 Kd7 43. f4 Bd2 44. f5 Kc7 45. Rg6 Kd7
46. Rg7+ Kd6 47. Rh7 Ke5 {(Time Forfeit)} {#r} 1-0

[Event "MVCC (Championship)"]
[Site "Twin Falls, ID"]
[Date "2014.03.22"]
[Round "2.6"]
[White "Porth, Adam"]
[Black "Arp, Jared"]
[Result "1-0"]
[WhiteElo "1274"]
[BlackElo "1011"]
[EventRounds "4"]
[EventCountry "USA"]

1. e4 e6 2. e5 Nc6 3. d4 d5 4. Nf3 Bb4+ 5. c3 Ba5 6. Ng5 Nh6 7. Nf3 Nf5 8. Qa4
O-O 9. Bb5 Nfe7 10. Bg5 Qe8 11. Bxe7 Bxc3+ 12. Nxc3 Qxe7 13. Bxc6 bxc6 14.
Qxc6 Rb8 15. b3 Qb4 16. O-O Bb7 17. Qxc7 Rfc8 18. Nxd5 Bxd5 19. Qxa7 Ra8 20.
Qd7 Bc6 21. Qd6 Qb7 22. Rfc1 Bxf3 23. Rxc8+ Rxc8 24. gxf3 Qxf3 25. b4 h5 26.
Qa6 Rc2 27. Qf1 Rd2 28. Qg2 Rd1+ 29. Rxd1 Qxd1+ 30. Qf1 Qxd4 31. b5 Qb6 32.
Qc4 g5 33. a4 h4 34. Qc6 Qd4 35. b6 h3 36. Qc1 Qxb6 37. Qxg5+ Kf8 38. Qh6+ Ke8
39. Qxh3 Qb4 40. Qh8+ Kd7 41. Qa8 Qd4 42. Qb7+ Ke8 43. Qb5+ Qd7 44. Qxd7+ Kxd7
45. h4 {#r} 1-0

[Event "MVCC (Championship)"]
[Site "Twin Falls, ID"]
[Date "2014.03.22"]
[Round "3.4"]
[White "Vereshchagin, Aleksandr"]
[Black "Porth, Adam"]
[Result "0-1"]
[WhiteElo "1426"]
[BlackElo "1274"]
[EventRounds "4"]
[EventCountry "USA"]

1. e4 c6 2. b3 d5 3. e5 Bf5 4. Bb2 e6 5. Nf3 Bb4 6. Nc3 Nh6 7. Nd4 Qh4 8. Nf3
Qe7 9. a3 Ba5 10. a4 Ng4 11. Be2 Nd7 12. Nd4 Nxf2 13. Kxf2 Qh4+ 14. g3 Qxd4+
15. Ke1 Nxe5 16. Rb1 Bb6 17. Rf1 Bh3 18. Rf2 Qxf2# 0-1

[Event "MVCC (Championship)"]
[Site "Twin Falls, ID"]
[Date "2014.03.22"]
[Round "4.3"]
[White "Looney, Daniel S"]
[Black "Porth, Adam"]
[Result "1/2-1/2"]
[WhiteElo "1611"]
[BlackElo "1274"]
[EventRounds "4"]
[EventCountry "USA"]

1. e4 c6 2. d4 d5 3. e5 Bf5 4. Nc3 e6 5. Nge2 c5 6. g3 Nc6 7. Be3 Qa5 8. Bg2
Nb4 9. Rc1 Nh6 10. O-O Ng4 11. Bd2 Qb6 12. Na4 Qc7 13. a3 Nc6 14. h3 Nh6 15.
Be3 cxd4 16. Nxd4 Qxe5 17. Nxc6 bxc6 18. Re1 Qf6 19. c4 {#d} 1/2-1/2

[Event "Longhurst Simul"]
[Site "Hailey, ID"]
[Date "2014.04.01"]
[Round "1.8"]
[White "Porth, Adam"]
[Black "Longhurst, Corey Kenneth"]
[Result "0-1"]
[WhiteElo "1314"]
[BlackElo "1443"]
[EventCountry "USA"]

1. e4 c5 2. Nf3 d6 3. Bc4 Bg4 4. h3 Bh5 5. Nc3 a6 6. d4 cxd4 7. Qxd4 Nc6 8.
Qe3 Na5 9. Bd3 Nc6 10. O-O Nf6 11. b3 e6 12. Bb2 Be7 13. Rfd1 Ne5 14. Be2
Nxf3+ 15. Bxf3 Bxf3 16. Qxf3 O-O 17. e5 Ne8 18. Qxb7 Qa5 19. Qxa8 dxe5 20. Qe4
f5 21. Qa4 Qb6 22. Ba3 Bxa3 23. Qxa3 e4 24. Qe7 e3 25. Ne2 exf2+ 26. Kf1 Nf6
27. Rd6 Qb8 28. Qxe6+ Kh8 29. Rad1 Ne4 30. Rb6 Qh2 31. Ng3 Qg1+ 32. Ke2 Nxg3+
33. Kd3 Qxd1+ 34. Kc3 Qe1+ 35. Kb2 Qxe6 36. Rxe6 f1=Q 37. Rxa6 Qxa6 {#R} 0-1

[Event "ICA Summer Classic (Open)"]
[Site "Boise, ID"]
[Date "2014.07.19"]
[Round "1.5"]
[White "Zlatnik, Sean"]
[Black "Porth, Adam"]
[Result "1-0"]
[WhiteElo "1705"]
[BlackElo "1409"]
[EventRounds "5"]
[EventCountry "USA"]

1. c4 c5 2. Nf3 e6 3. d4 Nc6 4. Nc3 d5 5. cxd5 exd5 6. g3 h6 7. Bg2 Nf6 8. O-O
Be7 9. dxc5 Bxc5 10. e3 O-O 11. Ne2 Be6 12. Nfd4 Bg4 13. Nxc6 bxc6 14. Qc2
Bxe2 15. Qxe2 Re8 16. Qc2 Qb6 17. a3 Rac8 18. b4 Be7 19. Bb2 c5 20. Bxf6 Bxf6
21. Rac1 cxb4 22. Qxc8 Rxc8 23. Rxc8+ Kh7 24. axb4 Qxb4 25. Bxd5 Qe7 26. Rfc1
Be5 27. e4 a5 28. f4 Bd6 29. e5 Qa7+ 30. Kg2 Bb4 31. Be4+ g6 32. R1c7 {#r} 1-0